| 000 | 00680nam a2200229 4500 | ||
|---|---|---|---|
| 003 | OSt | ||
| 005 | 20240607074430.0 | ||
| 006 | a | ||
| 008 | 240607b |||||||| |||| 00| 0 eng d | ||
| 020 | _a9780137067923 | ||
| 040 |
_aDWCL-Main lib. _cOC |
||
| 082 | _aCirc. 005.8 S782n 2011 | ||
| 100 | _aSTALLINGS , WILLIAM | ||
| 245 | _aNetwork security essentials : applications and standards / | ||
| 260 |
_aBoston, USA : _bPearson Education, _cc2011. |
||
| 300 |
_b431 p. : ill. ; _c23 cm. |
||
| 504 | _aIncludes index.. | ||
| 650 | _a1. Computer networks-Security measures. | ||
| 650 | _a2. Computer security. | ||
| 700 | _aWILLIAM STALLINGS | ||
| 942 |
_2ddc _n0 _cBK-CIRC _kCirc. |
||
| 999 |
_c372 _d372 |
||